Historia de la educación primaria en el estado de Hidalgo /

En este estudio se ofrece un panorama de la educación primaria en Hidalgo de 1898 a 1948.

محفوظ في:
التفاصيل البيبلوغرافية
المؤلف الرئيسي: Manzano G., Teodomiro (autor)
التنسيق: كتاب
اللغة:الإسبانية
سلاسل:(Publicaciones del Museo Pedagógico Nacional)
الموضوعات:
الوسوم: إضافة وسم
لا توجد وسوم, كن أول من يضع وسما على هذه التسجيلة!

MARC

LEADER 00000nam^a2200000^a^4500
001 000122881
005 20250521000000.0
009 20260310094517.232
037 |a Acervo ITESO - Biblioteca 
041 |a ESP 
082 |a 372. 97246  |b MAN 
100 |a Manzano G., Teodomiro  |e (autor) 
245 1 0 |a Historia de la educación primaria en el estado de Hidalgo /  |c T. Manzano G. 
264 |a México :  |b Secretaría de Educación Pública, Dirección de Enseñanza Superior e Investigación Científica,  |c 1950 
300 |a 114 p. 
336 |a texto  |b txt  |2 rdacontenido 
337 |a sin mediación  |b n  |2 rdamedio 
338 |a volumen  |b nc  |2 rdasoporte 
440 1 |a (Publicaciones del Museo Pedagógico Nacional) 
520 |a En este estudio se ofrece un panorama de la educación primaria en Hidalgo de 1898 a 1948. 
649 |a XX 
650 |a Educación Primaria -  |z Hidalgo -  |x Historia -  |y Siglo XX 
650 |a Educación Primaria -  |z México -  |x Historia -  |y Siglo XX 
650 |a Educación -  |z Hidalgo -  |x Historia -  |y Siglo XX 
650 |a Educación -  |z México -  |x Historia -  |y Siglo XX 
650 |a Hidalgo -  |x Historia -  |y Siglo XX 
650 |a México -  |x Historia -  |y Siglo XX 
910 |a Fondo Salvador Reynoso Reynoso 
920 |a Impresos - Libros 
930 |a Fondos Especiales 
905 |a 112 
901 |a 0800007014  |b IT2  |c ESP  |u 20250521 
902 |a https://opac.biblio.iteso.mx/vufind/Record/000122881